UM Logo

Factors influencing the adoption of organic rice farming technology in Magsaysay, Davao del Sur/ (Record no. 1859)

MARC details
000 -LEADER
fixed length control field 00575nam a22001457a 4500
008 - FIXED-LENGTH DATA ELEMENTS--GENERAL INFORMATION
fixed length control field 160419b xxu||||| |||| 00| 0 eng d
082 ## - DEWEY DECIMAL CLASSIFICATION NUMBER
Edition number 2010
Classification number UT 0230
Item number D15
100 ## - MAIN ENTRY--PERSONAL NAME
9 (RLIN) 5924
Personal name Daligdig, Jay March Ehve.
245 ## - TITLE STATEMENT
Title Factors influencing the adoption of organic rice farming technology in Magsaysay, Davao del Sur/
Statement of responsibility, etc. Jay March Ehve Daligdig and Chean Ramil.
260 ## - PUBLICATION, DISTRIBUTION, ETC. (IMPRINT)
Place of publication, distribution, etc. Digos City:
Name of publisher, distributor, etc. UMDC
Date of publication, distribution, etc. March 2010
300 ## - PHYSICAL DESCRIPTION
Extent 47 pages;
Dimensions 28 cm.
650 #0 - SUBJECT ADDED ENTRY--TOPICAL TERM
9 (RLIN) 5925
Topical term or geographic name as entry element Business Administration
Form subdivision Financial Management
General subdivision Undergraduate thesis.
700 ## - ADDED ENTRY--PERSONAL NAME
9 (RLIN) 5926
Personal name Ramil, Chean.
942 ## - ADDED ENTRY ELEMENTS (KOHA)
Source of classification or shelving scheme Dewey Decimal Classification
Koha item type Undergraduate Thesis
Holdings
Withdrawn status Lost status Source of classification or shelving scheme Damaged status Not for loan Collection code Home library Current library Date acquired Total Checkouts Full call number Barcode Date last seen Price effective from Koha item type
    Dewey Decimal Classification     Undergraduate Theses UM Digos College - LIC UM Digos College - LIC 04/19/2016   UT 0230 D15 2010 UT0230 04/19/2016 04/19/2016 Undergraduate Thesis